<?xml version="1.0" encoding="UTF-8"?>
<record
    xmlns:xsi="http://www.w3.org/2001/XMLSchema-instance"
    xsi:schemaLocation="http://www.loc.gov/MARC21/slim http://www.loc.gov/standards/marcxml/schema/MARC21slim.xsd"
    xmlns="http://www.loc.gov/MARC21/slim">

  <leader>02388nam a22003497a 4500</leader>
  <controlfield tag="003">DO-SdBNP</controlfield>
  <controlfield tag="005">20220316112702.0</controlfield>
  <controlfield tag="007">ta</controlfield>
  <controlfield tag="008">220207b19761974   a|||| |||| 001 0 spa d</controlfield>
  <datafield tag="040" ind1=" " ind2=" ">
    <subfield code="a">DO-SdBNP</subfield>
    <subfield code="b">spa</subfield>
    <subfield code="c">BNPHU</subfield>
  </datafield>
  <datafield tag="082" ind1=" " ind2="4">
    <subfield code="a">370.15</subfield>
    <subfield code="b">G448p</subfield>
    <subfield code="2">22</subfield>
  </datafield>
  <datafield tag="100" ind1="1" ind2=" ">
    <subfield code="a">Gibson, Janice T.</subfield>
    <subfield code="9">81160</subfield>
  </datafield>
  <datafield tag="240" ind1=" " ind2=" ">
    <subfield code="a">Educational psychology</subfield>
  </datafield>
  <datafield tag="245" ind1="1" ind2="0">
    <subfield code="a">Psicolog&#xED;a educativa : </subfield>
    <subfield code="b">texto programado /</subfield>
    <subfield code="c">Janice T. Gibson, traducci&#xF3;n, Jorge Brash.</subfield>
  </datafield>
  <datafield tag="260" ind1=" " ind2=" ">
    <subfield code="a">M&#xE9;xico , D.F. : </subfield>
    <subfield code="b">Trillas,</subfield>
    <subfield code="c">1976.</subfield>
  </datafield>
  <datafield tag="300" ind1=" " ind2=" ">
    <subfield code="a">398 p. :</subfield>
    <subfield code="b">il. ; </subfield>
    <subfield code="c">23 cm.</subfield>
  </datafield>
  <datafield tag="490" ind1="1" ind2=" ">
    <subfield code="a">Biblioteca t&#xE9;cnica de psicolog&#xED;a</subfield>
  </datafield>
  <datafield tag="500" ind1=" " ind2=" ">
    <subfield code="a">Incluye &#xED;ndices</subfield>
  </datafield>
  <datafield tag="505" ind1="0" ind2=" ">
    <subfield code="a">Primera parte :  Acerca de este libro.</subfield>
    <subfield code="t">1. Lo que la psicolog&#xED;a  educativa aporta al maestro --</subfield>
    <subfield code="t">Lecturas complementarias.</subfield>
  </datafield>
  <datafield tag="505" ind1="0" ind2=" ">
    <subfield code="a">Segunda parte : Herramientas de investigaci&#xF3;n del cient&#xED;fico de la conducta</subfield>
    <subfield code="t">2. Reuni&#xF3;n de datos : m&#xE9;todos para estudiar  la conducta humana --</subfield>
    <subfield code="t">Referencias bibliogr&#xE1;ficas.</subfield>
    <subfield code="t">3. Interpretaci&#xF3;n de datos :  promedios y medidas de dispersi&#xF3;n --</subfield>
    <subfield code="t">Referencias bibliogr&#xE1;ficas.</subfield>
    <subfield code="t">4. Interpretaci&#xF3;n de datos . m&#xE9;todos de correci&#xF3;n --</subfield>
    <subfield code="t">Referencias bibliogr&#xE1;ficas.</subfield>
    <subfield code="t">5. Evaluaci&#xF3;n de la conducta --</subfield>
    <subfield code="t">Referencias bibliogr&#xE1;ficas.</subfield>
  </datafield>
  <datafield tag="505" ind1="0" ind2=" ">
    <subfield code="a">Tercera parte : Pensamiento y comprensi&#xF3;n</subfield>
    <subfield code="t">6. La inteligencia y el  coeficiente de inteligencia --</subfield>
    <subfield code="t">Referencias bibliogr&#xE1;ficas.  </subfield>
    <subfield code="t"> Lecturas complementarias.</subfield>
    <subfield code="t">7. El enfoque de Piaget del desarrollo mental --</subfield>
    <subfield code="t">Referencias bibliogr&#xE1;ficas.</subfield>
    <subfield code="t">Lecturas complementarias.</subfield>
  </datafield>
  <datafield tag="505" ind1="0" ind2=" ">
    <subfield code="a">Cuarta parte : Crecimiento y desarrollo</subfield>
    <subfield code="t">8. El ni&#xF1;o en edad preescolar --</subfield>
    <subfield code="t">Referencias bibliogr&#xE1;ficas.</subfield>
    <subfield code="t">9. El ni&#xF1;o en la escuela --</subfield>
    <subfield code="t">Lecturas complementarias.</subfield>
  </datafield>
  <datafield tag="505" ind1="0" ind2=" ">
    <subfield code="a">Quinta parte : Aprendizaje</subfield>
    <subfield code="t">10. Condicionamiento --</subfield>
    <subfield code="t">Referencias bibliogr&#xE1;ficas.</subfield>
    <subfield code="t">11. Motivaci&#xF3;n --</subfield>
    <subfield code="t">Referencias bibliogr&#xE1;ficas.  </subfield>
    <subfield code="t">Lecturas complementarias.</subfield>
  </datafield>
  <datafield tag="505" ind1="0" ind2=" ">
    <subfield code="a">Sexta parte : Teor&#xED;as de la ense&#xF1;anza</subfield>
    <subfield code="t">12. Aumento de la eficiencia de la ense&#xF1;anza --</subfield>
    <subfield code="t"> Referencias bibliogr&#xE1;ficas.  </subfield>
  </datafield>
  <datafield tag="505" ind1=" " ind2=" ">
    <subfield code="a">13. Incremento de la flexibilidad del aoprendizaje</subfield>
    <subfield code="t">Referencias bibliogr&#xE1;ficas.  </subfield>
    <subfield code="t">Lecturas complementarias.</subfield>
    <subfield code="t">&#xED;ndice de autores</subfield>
    <subfield code="t">Indice alfab&#xE9;tico</subfield>
  </datafield>
  <datafield tag="590" ind1=" " ind2=" ">
    <subfield code="a">Inventariado, 2022 / SA</subfield>
  </datafield>
  <datafield tag="650" ind1=" " ind2="4">
    <subfield code="a">Psicopedagog&#xED;a</subfield>
  </datafield>
  <datafield tag="700" ind1="1" ind2=" ">
    <subfield code="9">47698</subfield>
    <subfield code="a">Brash, Jorge</subfield>
    <subfield code="e">tr.</subfield>
  </datafield>
  <datafield tag="830" ind1=" " ind2="0">
    <subfield code="a">Biblioteca t&#xE9;cnica de psicolog&#xED;a</subfield>
    <subfield code="9">15107</subfield>
  </datafield>
  <datafield tag="910" ind1=" " ind2=" ">
    <subfield code="a">Saquino/Validado. Control de calidad MFF</subfield>
  </datafield>
  <datafield tag="942" ind1=" " ind2=" ">
    <subfield code="2">ddc</subfield>
    <subfield code="c">LBS1</subfield>
  </datafield>
  <datafield tag="952" ind1=" " ind2=" ">
    <subfield code="0">0</subfield>
    <subfield code="1">0</subfield>
    <subfield code="2">ddc</subfield>
    <subfield code="5">6</subfield>
    <subfield code="7">0</subfield>
    <subfield code="8">GR</subfield>
    <subfield code="a">BNPHU</subfield>
    <subfield code="b">BNPHU</subfield>
    <subfield code="c">HD</subfield>
    <subfield code="d">2015-07-21</subfield>
    <subfield code="e">Donado por Barbara Suncar </subfield>
    <subfield code="l">0</subfield>
    <subfield code="o">BNPHU GR 370.15 G448p</subfield>
    <subfield code="p">2022-0624</subfield>
    <subfield code="r">2022-02-07</subfield>
    <subfield code="w">2022-02-07</subfield>
    <subfield code="y">LBS1</subfield>
  </datafield>
  <datafield tag="999" ind1=" " ind2=" ">
    <subfield code="c">51355</subfield>
    <subfield code="d">51355</subfield>
  </datafield>
</record>
